| 000 | 01789cam a22004334i 4500 | ||
|---|---|---|---|
| 003 | PE-LiUPU | ||
| 005 | 20250731184538.0 | ||
| 008 | 150623s r 000 0 d | ||
| 035 | _a(Sirsi) a25019 | ||
| 040 |
_aPE-LiUPU _bspa _cPE-LiUPU _erda |
||
| 082 | 0 | 4 |
_a985 _bA33 _221 |
| 100 | 1 |
_aAlarco Larraburre, Eugenio, _eautor. |
|
| 245 | 1 | 3 |
_aEl hombre peruano en su historia : _bel encuentro de dos poderes españoles contra Incas. _n6 / _cEugenio Alarco Larrabure. |
| 264 | 1 |
_aLima : _bEditorial Universo, _c1971. |
|
| 300 |
_a544-1044 páginas : _bilustraciones, fotos, gráficos ; _c24 cm. |
||
| 336 |
_atext _2rdacontent |
||
| 337 |
_aunmediated _2rdamedia |
||
| 338 |
_avolume _2rdacarrier |
||
| 504 | _aIncluye bibliografía. | ||
| 505 | 0 | _aCaída de Gonzalo Pizarro. -Ultimas actuaciones de La Gasca y regreso a España. -Nuevas alteraciones. -Levantamiento de Francisco Hernández Girón. -El Marqués de Cañate. -En busca del Dorado y Omagua. -El Perú en las postrimerías del Inperio Incaico. -El Virrey Toledo y el final del Imperio. -Consideraciones finales. | |
| 526 | _aP136 | ||
| 526 | _aP135 | ||
| 526 | _aP134 | ||
| 526 | _aP133 | ||
| 526 | _aP144 | ||
| 526 | _aP143 | ||
| 526 | _aP87 | ||
| 526 | _aP35 | ||
| 526 | _aP20 | ||
| 526 | _aP14 | ||
| 526 | _aP10 | ||
| 526 | _aP06 | ||
| 650 | 0 | 4 |
_aPerú _xHistoria _yGuerras civiles 1537-1555. |
| 942 |
_2ddc _cBOOK |
||
| 949 |
_a985 A33 6 _wDEWEY _c1 _i49432 _lCCODEBUL1 _mBUL _p00.00 _r0 _sY _tBOOK _u2015-06-24 _xBIBLIOTECA _zUNKNOWN _0COMPRA _o.STAFF. Colección General |
||
| 596 | _a1 | ||
| 999 |
_a985 A33 6 _wDEWEY _c29706 _i49432 _f2021-11-8 _g5 _lCCODEBUL1 _mBUL _r0 _sY _tBOOK _u2015-6-24 _xBIBLIOTECA _zUNKNOWN _0COMPRA _o.STAFF. Colección General _d29706 |
||
| 980 |
_81 _gALBERTO SANCHEZ Responsable de Automatización |
||